<?xml version="1.0" encoding="UTF-8"?><?xml-stylesheet type="text/xsl" href="static/style.xsl"?><OAI-PMH xmlns="http://www.openarchives.org/OAI/2.0/" xmlns:xsi="http://www.w3.org/2001/XMLSchema-instance" xsi:schemaLocation="http://www.openarchives.org/OAI/2.0/ http://www.openarchives.org/OAI/2.0/OAI-PMH.xsd"><responseDate>2026-06-06T17:58:51Z</responseDate><request verb="GetRecord" identifier="oai:riuma.uma.es:10630/45605" metadataPrefix="marc">https://riuma.uma.es/rest/oai/request</request><GetRecord><record><header><identifier>oai:riuma.uma.es:10630/45605</identifier><datestamp>2026-02-21T00:47:09Z</datestamp><setSpec>com_10630_2254</setSpec><setSpec>col_10630_37953</setSpec></header><metadata><record xmlns="http://www.loc.gov/MARC21/slim" xmlns:dcterms="http://purl.org/dc/terms/" xmlns:doc="http://www.lyncode.com/xoai" xmlns:xsi="http://www.w3.org/2001/XMLSchema-instance" xsi:schemaLocation="http://www.loc.gov/MARC21/slim http://www.loc.gov/standards/marcxml/schema/MARC21slim.xsd">
   <leader>00925njm 22002777a 4500</leader>
   <datafield ind2=" " ind1=" " tag="042">
      <subfield code="a">dc</subfield>
   </datafield>
   <datafield ind2=" " ind1=" " tag="720">
      <subfield code="a">Corpas-Pastor, Luis</subfield>
      <subfield code="e">author</subfield>
   </datafield>
   <datafield ind2=" " ind1=" " tag="260">
      <subfield code="c">2023</subfield>
   </datafield>
   <datafield ind2=" " ind1=" " tag="520">
      <subfield code="a">En la actualidad, existen ciertos tratamientos que se aplican a pacientes con dolor crónico, refractarios a cualquier otro tratamiento indicado. La utilización, fuera de ensayos clínicos de medicamentos en fase de experimentación o en vías de autorización, o bien el uso de medicamentos para indicaciones fuera de ficha técnica (los denominados internacionalmente medicamentos de uso off label) en ejercicio de la libertad de prescripción de los profesionales sanitarios, debe realizarse cumpliendo unas determinadas condiciones para evitar incurrir en cualquier tipo de responsabilidad profesional. En este trabajo estudiaremos el régimen jurídico de la responsabilidad sanitaria en general y, particularmente la del médico que realiza prescripciones farmacológicas que, no teniendo indicación reconocida para una determinada patología dolorosa, se administran a los pacientes afectados, o bien, por la prescripción de medicamentos no autorizados todavía o en fase de ensayo clínico a determinados pacientes, por motivos meramente compasivos. Finalmente, se exponen soluciones prácticas, a través de los mecanismos establecidos en las diferentes normativas, de cumplimiento exigible a los médicos, en cuanto a los requisitos legales de registro de prescripciones y su constancia en la Historia Clínica, así como los instrumentos adecuados que preserven legalmente la autonomía del paciente con dolor crónico.</subfield>
   </datafield>
   <datafield ind1="8" ind2=" " tag="024">
      <subfield code="a">Corpas Pastor, L. (2023). La responsabilidad del médico por la prescripción de medicamentos de uso compasivo y fuera de ficha técnica. Revista Derecho y Salud, 33 (extraordinario). https://www.ajs.es/es/index-revista-derecho-y-salud/volumen-33-extraordinario-2023/la-responsabilidad-del-medico-la</subfield>
   </datafield>
   <datafield ind1="8" ind2=" " tag="024">
      <subfield code="a">1133-7400</subfield>
   </datafield>
   <datafield ind1="8" ind2=" " tag="024">
      <subfield code="a">https://hdl.handle.net/10630/45605</subfield>
   </datafield>
   <datafield tag="653" ind2=" " ind1=" ">
      <subfield code="a">Médicos - Responsabilidad profesional</subfield>
   </datafield>
   <datafield ind2="0" ind1="0" tag="245">
      <subfield code="a">La responsabilidad del médico por la prescripción de medicamentos de uso compasivo y fuera de ficha técnica.</subfield>
   </datafield>
</record>
</metadata></record></GetRecord></OAI-PMH>